| 000 | 01005nam a2200265 i 4500 | ||
|---|---|---|---|
| 003 | DO-SdBNP | ||
| 005 | 20250604095213.0 | ||
| 007 | ta | ||
| 008 | 231123e2021 dr ao||| |||| 00| 0 spa d | ||
| 040 |
_aDO-SdBNP _bspa _cBNPHU _erda |
||
| 082 | 4 |
_axxx _bE82s _222 |
|
| 242 | _a' | ||
| 245 | 0 | 0 |
_aEstudio sobre discapacidad en pescadores en la República Dominicana / _cfotografías, José Alejandro Álvarez |
| 264 | 1 |
_a[Santo Domingo] : _bMinisterio de Economía, Planificación y Desarrollo; _bOficina Nacional de Estadística, _c2021. |
|
| 300 |
_a40 páginas : _bIlustraciones, fotografías ; _c28 cm. |
||
| 336 |
_atexto _btxt _2rdacontent |
||
| 337 |
_asin mediación _bn _2rdamedia |
||
| 338 |
_avolumen _bnc _2rdacarrier |
||
| 504 | _aBibliografía : página 40 | ||
| 590 | _aInventariado 2025/BT | ||
| 700 | 1 |
_aÁlvarez, José Alejandro, _efotografías _4fot. _978811 |
|
| 710 | 2 |
_aAsociación Popular de Ahorros y Préstamos (República Dominicana) _982995 |
|
| 910 | _aBtavárez | ||
| 942 |
_2ddc _cLF2 |
||
| 999 |
_c55577 _d55577 |
||